|
|
|
|
| LEADER |
00899nam a2200157Ia 4500 |
| 001 |
50828 |
| 008 |
170722s9999 xx 000 0 und d |
| 100 |
|
|
|a Varma, Vrindavanlal
|
| 245 |
|
|
|a kundali Chakra
|b Samajik upanyas /
|
| 260 |
|
|
|c 1961.
|
| 942 |
|
|
|c GEN
|
| 999 |
|
|
|c 32368
|d 32368
|
| 952 |
|
|
|0 0
|1 0
|4 0
|6 O_1523M89K_J8J81J82CRJ83J85
|7 0
|9 41288
|a LIB
|b LIB
|d 2017-08-12
|o O152,3M89,K J8-J8;1,J8;2(CR),J8;3-J8;5
|p 17773
|r 2017-08-12
|w 2017-08-12
|y GEN
|
| 952 |
|
|
|0 1
|1 0
|4 0
|6 O_1523M89K_J8J81J82CRJ83J85
|7 0
|9 41289
|a LIB
|b LIB
|d 2017-08-12
|o O152,3M89,K J8-J8;1,J8;2(CR),J8;3-J8;5
|p 23151
|r 2017-08-12
|w 2017-08-12
|y GEN
|
| 952 |
|
|
|0 0
|1 0
|4 0
|6 O_1523M89K_J8J81J82CRJ83J85
|7 0
|9 41290
|a LIB
|b LIB
|d 2017-08-12
|o O152,3M89,K J8-J8;1,J8;2(CR),J8;3-J8;5
|p 50508
|r 2017-08-12
|w 2017-08-12
|y GEN
|
| 952 |
|
|
|0 1
|1 0
|4 0
|6 O_1523M89K_J8J81J82CRJ83J85
|7 0
|9 41291
|a LIB
|b LIB
|d 2017-08-12
|o O152,3M89,K J8-J8;1,J8;2(CR),J8;3-J8;5
|p 112431
|r 2017-08-12
|w 2017-08-12
|y GEN
|